The third industrial age : Strategy for business survival
Kaydedildi:
| Yazar: | |
|---|---|
| Materyal Türü: | Kitap |
| Dil: | Undetermined |
| Baskı/Yayın Bilgisi: |
New York
Pergamon Press
1980
|
| Konular: | |
| Etiketler: |
Etiketle
Etiket eklenmemiş, İlk siz ekleyin!
|
| Thư viện lưu trữ: | Trung tâm Học liệu Trường Đại học Cần Thơ |
|---|
| LEADER | 00640nam a2200205Ia 4500 | ||
|---|---|---|---|
| 001 | CTU_98522 | ||
| 008 | 210402s9999 xx 000 0 und d | ||
| 082 | |a 658.4 | ||
| 082 | |b T232 | ||
| 100 | |a Tavel, Charles H. | ||
| 245 | 4 | |a The third industrial age : | |
| 245 | 0 | |b Strategy for business survival | |
| 245 | 0 | |c Charles H. Tavel ; Translated from the French by Donald C. Caldwell | |
| 260 | |a New York | ||
| 260 | |b Pergamon Press | ||
| 260 | |c 1980 | ||
| 650 | |a Big business,Corporations,Industries,Industrial management | ||
| 650 | |x Social aspects | ||
| 904 | |i Năm | ||
| 980 | |a Trung tâm Học liệu Trường Đại học Cần Thơ | ||